|
|
|
|
| LEADER |
00000naa2a2200000 4500 |
| 001 |
681082 |
| 005 |
20250821103606.0 |
| 090 |
|
|
|a 681082
|
| 100 |
|
|
|a 20250730d2025 k||y0rusy50 ca
|
| 101 |
0 |
|
|a rus
|
| 102 |
|
|
|a RU
|
| 135 |
|
|
|a drcn ---uucaa
|
| 200 |
1 |
|
|a Проект приложения для поиска соседей по комнате в общежитии
|f Баянмунх Дулгуун, Выдрина В. В.
|g науч. рук. Выдрина В. В.
|
| 320 |
|
|
|a Список литературы: 3 назв
|
| 330 |
|
|
|a Статья посвящена разработке приложения для поиска соседей по комнате в общежитии. Рассматриваются актуальность проекта, особенности структуры приложения и его функциональность. Особое внимание уделено преимуществам самостоятельного выбора соседей на основе общих интересов, что способствует созданию комфортной атмосферы и снижению риска конфликтов. Также подчеркивается полезность приложения для сотрудников университета, занимающихся расселением студентов
|
| 336 |
|
|
|a Текстовый файл
|
| 463 |
|
1 |
|0 680868
|9 680868
|t Научная инициатива иностранных студентов и аспирантов
|o сборник докладов V Международной научно-практической конференции, Томск, 22-24 апреля 2025 г.
|c Томск
|d 2025
|n Изд-во ТПУ
|u conference_tpu-2025-C19.pdf
|v С. 330-333
|
| 545 |
1 |
|
|a Научный старт (для слушателей подготовительных отделений)
|
| 610 |
1 |
|
|a электронный ресурс
|
| 610 |
1 |
|
|a труды учёных ТПУ
|
| 610 |
1 |
|
|a поиск соседей
|
| 610 |
1 |
|
|a общежитие
|
| 610 |
1 |
|
|a комфортное проживание
|
| 610 |
1 |
|
|a мобильное приложение
|
| 700 |
|
0 |
|a Баянмунх Дулгуун
|
| 701 |
|
1 |
|a Выдрина
|b В. В.
|c лингвист
|c доцент Томского политехнического университета, кандидат филологических наук
|f 1984-
|g Вера Владимировна
|9 14589
|
| 702 |
|
1 |
|a Выдрина
|b В. В.
|c лингвист
|c доцент Томского политехнического университета, кандидат филологических наук
|f 1984-
|g Вера Владимировна
|4 727
|
| 801 |
|
0 |
|a RU
|b 63413507
|c 20250730
|g RCR
|
| 850 |
|
|
|a 63413507
|
| 856 |
4 |
|
|u http://earchive.tpu.ru/handle/11683/132126
|z http://earchive.tpu.ru/handle/11683/132126
|
| 942 |
|
|
|c CF
|